000 00443nam a2200145Ia 4500
008 100204s9999 xx 000 0 und d
082 _b19442
100 _aवकील व्यंकटेश शंकर
245 _aतीन घटका
260 _b"संतोष साहित्य, मुंबई"
_c1960
300 _a54
630 _aतीन घटका
730 _aतीन घटका
942 _cBOOK
999 _c463864
_d463861